Za novú pedagogiku a výchovu list obce racionálnej výchovy

Podrobná bibliografia
Médium: Časopis
Jazyk:slovenčina
Fyzický popis:2 zv. 21 cm
Vydavateľské údaje: Prešov V. Stuchlík 1935-1938
Bratislava
Predmet:

MARC

LEADER 00000cas a2200000 a 4500
001 vtls010298774
003 SK-MaSNL
005 20260228161855.0
008 110809d19351938xo qr|p 0 b0slo
040 |a SNK  |b slo  |c SNK  |e AACR2 
041 0 |a slo 
044 |a xo  |a xr  |c SK  |c CZ 
072 7 |a 37  |x Výchova a vzdelávanie  |2 konspekt 
072 7 |a 371  |x Školstvo (organizácia)  |2 konspekt 
072 7 |a 159.9  |x Psychológia  |2 konspekt 
080 |a 37  |2 2001 
080 |a 371  |2 2001 
080 |a 159.9  |2 2001 
080 |a 37.026  |2 2001 
080 |a 050  |2 2001 
245 0 0 |a Za novú pedagogiku a výchovu  |b list obce racionálnej výchovy 
260 |a Prešov  |b V. Stuchlík  |c 1935-1938 
260 3 |3 1937-1938  |a Bratislava  |b V. Stuchlík 
300 |a 2 zv.  |c 21 cm 
310 |a 4x ročne 
362 0 |a Rad I, č. 1 (1935)-rad II, č. 5 (15) (1938) 
500 |a Vyd. a zodp. red.: 1935-1938, Václav Stuchlík 
500 |a Tlač. Kníhtlačiareň Františka Bartoša v Přerove 
650 0 7 |a pedagogika  |2 SNKPH  |9 955 
650 0 7 |a výchova a vzdelávanie  |2 SNKPH  |9 1684 
650 0 7 |a školstvo  |2 SNKPH  |9 19712 
650 0 7 |a psychológia  |2 SNKPH  |9 807 
650 0 7 |a didaktika  |2 SNKPH  |9 3484 
655 7 |a odborné časopisy  |2 SNKPH  |9 70505 
700 1 |a Stuchlík, Václav,  |d 1886-1938  |4 pbl  |4 lso  |9 199910 
910 |a snk 
916 |a 1935-1938 
999 |c 6147  |d 8077 
952 |0 0  |1 0  |3 Rekatalogizácia  |4 0  |7 0  |8 5  |a SNK  |b SNK  |d 2006-03-31  |f 1  |i snkČSF 832/56  |l 0  |o snkČSC 675/1.rad/1937  |p 17A0504474  |r 2026-02-21 19:33:30  |t č. 9-10, neúpl.  |w 2026-02-21  |y PREZ  |z chýba č. 10 
952 |0 0  |1 0  |3 rekatalogizácia  |4 0  |7 0  |8 5  |a SNK  |b SNK  |d 2006-03-31  |f 1  |i snkČSF 835/56  |l 0  |o snkČSC 675/2.rad/1938  |p 17A0504478  |r 2026-02-21 19:47:28  |t č. 13-15  |w 2026-02-21  |y PREZ 
952 |0 0  |1 0  |3 Rekatalogizácia  |4 0  |7 0  |8 5  |a SNK  |b SNK  |d 2006-03-31  |f 1  |i snkČSF 833/56  |l 0  |o snkČSC 675/2.rad/1937  |p 17A0504443  |r 2026-02-21 19:47:29  |t č. 11-12  |w 2026-02-21  |y PREZ 
952 |0 0  |1 0  |3 rekatalogizácia  |4 0  |7 0  |8 5  |a SNK  |b SNK  |d 2006-03-31  |f 1  |i snkČSF 831/56  |l 0  |o snkČSC 675/1.rad/1936  |p 17A0504479  |r 2026-02-21 19:47:29  |t č. 5-8  |w 2026-02-21  |y PREZ  |z neúplné č. 8 
952 |0 0  |1 0  |4 0  |7 0  |8 5  |a SNK  |b SNK  |d 2006-03-31  |f 1  |i snkČSF 830/56  |l 0  |o snkČSC 675/1.rad/1935  |p 17A0504480  |r 2026-02-21 19:47:29  |t č. 1-4, neúpl.  |w 2026-02-21  |y PREZ  |z chýba č. 4